000 00692nam a2200265Ia 4500
003 OSt
005 20220918212359.0
006 a|||||r|||| 00| 0
007 ta
008 220917b |||||||| |||| 00| 0 eng d
024 _a128,728
037 _cTextual
040 _aARTS
_cARTS
_beng
041 _2eng
_aeng
082 _aX:3.L, M4
100 _aWilson Charles
_9105129
245 0 _aEngland apprenticeship 1603-1763
250 _a3rd
260 _aLondon
_bLongman
_c1984
300 _axvii,433p.
_ccm.
490 _aSocial and economic history of England
650 _aECONOMICS
942 _hX:3.L, M4
_cTEXL
_2CC
999 _c251862
_d251862